000 01041nam a2200289Ia 4500
003 OSt
005 20221005110703.0
006 a|||||r|||| 00| 0
007 ta
008 221004b |||||||| |||| 00| 0 hin d
020 _a9788126704972 (hbk)
_c200
024 _a12111
037 _bBR8176, 20/03/2014, Rajkamal Prakashan Pvt. Ltd.
_cTextual
040 _aCRL
_cCRL
_bhin
041 _2hin
_ahin
082 _aO152,3N2J5,UB, Q2
100 _aवैद, कृष्ण बलदेव
245 0 _aउसका बचपन
246 _aUsakā bachapana
250 _a3 संस्करण
260 _aनई दिल्ली
_bराजकमल प्रकाशन भारत
_c2012
300 _a147पृ0
_ccm.
650 _a हिन्दी साहित्य
650 _aहिन्दी कहानी
942 _hO152,3N2J5,UB, Q2
_cTEXL
_2cc
999 _c1019590
_d1019590